It looks like you're offline.
Open Library logo
additional options menu

MARC record from Internet Archive

LEADER: 01231cam 2200325 a 4500
001 0116400053009
005 19900620160331.3
008 880331s1990 nyuaf b s00011 eng u
010 $a 88012190
020 $a0887069053 ;$a088706907X (pbk.)
035 $a(Sirsi) ABE-2099
035 $a19418321
035 $aA903074$fcc
040 $aOPET$beng
043 $ae-uk---$ae-uk-st
046 $aDLC$cDLC$dDLC
050 00 $aPS1418$b.T5 1990
090 $aPS 1418 .T5 1990$bb
100 1 $aCooper, James Fenimore,$d1789-1851.
245 14 $aThe two admirals :$ba tale /$cJames Fenimore Cooper ; historical introduction by Donald A. Ringe ; text established by James A. Sappenfield and E.N. Feltskog.
260 $aAlbany :$bState University of New York Press,$cc1990.
300 $axlii, 511 p., [4] leaves of plates :$bill. ;$c24 cm.
490 14 $aThe writings of James Fenimore Cooper
504 $aIncludes bibliographical references.
650 0 $aJacobite Rebellion, 1745-1746$xFiction.
651 0 $aGreat Britain$xHistory, Naval$y18th century$xFiction.
700 10 $aFeltskog, E. N.
700 10 $aRinge, Donald A.
700 10 $aSappenfield, James A.,$d1940-
800 1 $aCooper, James Fenimore,$d1789-1851.$tWorks.$f1980.